Návrh zlepšenia systému získavania a stabilizácie zamestnancov vo vybranom priemyselnom podniku

Na minha lista:
Detalhes bibliográficos
Autor principal: Kadlecová, Zuzana (Author)
Outros Autores: Horváthová, Martina (Thesis advisor)
Formato: Manuscrito Livro
Idioma:eslovaco
Publicado em: 2018
Assuntos:
Acesso em linha:http://is.stuba.sk/zp/portal_zp.pl?podrobnosti=138863
Tags: Adicionar Tag
Sem tags, seja o primeiro a adicionar uma tag!

MARC

LEADER 00000ntm a22000003a 4500
001 stuzp68560
003 SK-STU
005 20180820160442.6
007 ta
008 150427s2015----xo-----f-mn---000-0-slo-d
040 |a STU  |b slo 
041 0 |a slo 
100 1 |a Kadlecová, Zuzana  |u 064000  |4 aut  |U MTF Materiálovotechnologická fakulta  |T MTF Ústav priemyselného inžinierstva a manažmentu  |X 65490  |U M4000  |Y 84  |7 65490 
242 0 1 |a The proposal to improve the system of acquisition and stabilization of employees in the selected industrial enterprise  |y eng 
245 1 0 |a Návrh zlepšenia systému získavania a stabilizácie zamestnancov vo vybranom priemyselnom podniku 
260 |c 2018 
650 4 |a metódy a zdroje získavania zamestnancov  |2 slo 
650 4 |a stabilizácia zamestnancov  |2 slo 
650 4 |a fluktuácia  |2 slo 
650 4 |a získavanie zamestnancov  |2 slo 
650 4 |a spokojnosť zamestnancov  |2 slo 
650 4 |a recruitment  |2 eng 
650 4 |a methods and sources of recruitment  |2 eng 
650 4 |a employee stabilization  |2 eng 
650 4 |a fluctuation  |2 eng 
650 4 |a employee satisfaction  |2 eng 
700 1 |a Horváthová, Martina  |u 064000  |k Z1  |4 ths  |U MTF Materiálovotechnologická fakulta  |T MTF Ústav priemyselného inžinierstva a manažmentu  |X 1507  |U M4000  |Y 84  |7 A000001507 
856 4 |u http://is.stuba.sk/zp/portal_zp.pl?podrobnosti=138863 
996 |c M* DP-13684  |l MMSKP  |s P  |a 0  |w stuzp68560_0001